000 00458nam a2200157Ia 4500
008 210716s1992 xx 000 0 und d
020 _a0195073479
041 _aeng
082 _a658.834 SCIT
100 _aScitovsky, Tibor.
245 _aJoyless economiy: psychology of human satisfaction.
_bPsychology of human satisfaction.
250 _a1
260 _aNew York
_bOxford University Press
_c1992
300 _axiv,334
650 _aMarketing Research
999 _c198475
_d198475